| 000 | 00964nam a2200253 4500 | ||
|---|---|---|---|
| 999 |
_c9466 _d9466 |
||
| 008 | 180704b ||||| |||| 00| 0 eng d | ||
| 020 | _a978-1-305-96078-7 | ||
| 082 |
_22018 _aDC 371.102 _bOr54 |
||
| 100 |
_928097 _aOrlich, Donald C. |
||
| 245 |
_aTeaching strategies : _ba guide to effective instruction / _cDonald C. Orlich [and four others] |
||
| 250 | _a11th edition | ||
| 260 |
_aBoston, MA, USA : _bCengage Learning, _c©2018. |
||
| 300 |
_axix, 379 pages : _bcolor illustrations; _c28 cm |
||
| 500 | _aIncludes bibliographical references and index | ||
| 650 | 0 |
_928098 _aTeaching -- Handbooks, manuals, etc |
|
| 650 | 0 |
_928099 _aLesson planning -- Handbooks, manuals, etc |
|
| 650 | 0 |
_928100 _aClassroom management -- Handbooks, manuals, etc |
|
| 700 |
_928101 _aHarder, Robert J. |
||
| 700 |
_928102 _aTrevisan, Michael S. |
||
| 700 |
_928109 _aBrown, Abbie H. |
||
| 700 |
_928110 _aMiller, Darcy E. |
||
| 365 |
_b7,918.20 _cPhp |
||
| 942 |
_2ddc _cDC |
||